000 00524nam a22001577a 4500
999 _c534564
_d534564
020 _qHard Cover.
082 _a660
100 _aAhmad, Ali
245 _aSynthesis and Characterization of MCM-22 and its Derivatives for Catalytic Cracking of n-Hexane /
_cAli Ahmad.
260 _aIslamabad:
_bSCME - NUST,
_c2017.
300 _a82 p. :
_bill. ;
_c30cm.
942 _2ddc
_cTHE
650 _aChemical Engineering MS-Thesis.
_916130
700 _aDr. Habib Nasir
_916070